Retinoblastoma

Treatment of retinoblastoma has evolved at a significant speed over the last two decades; ocular salvage approaches are now at the core of modern treatments, and assessment of visual and functional outcomes has become a priority. New discoveries in retinoblastoma biology are leading the way to the d...

Πλήρης περιγραφή

Λεπτομέρειες βιβλιογραφικής εγγραφής
Συγγραφή απο Οργανισμό/Αρχή: SpringerLink (Online service)
Άλλοι συγγραφείς: Rodriguez-Galindo, Carlos (Επιμελητής έκδοσης), Wilson, Matthew W. (Επιμελητής έκδοσης)
Μορφή: Ηλεκτρονική πηγή Ηλ. βιβλίο
Γλώσσα:English
Έκδοση: Boston, MA : Springer US : Imprint: Springer, 2010.
Σειρά:Pediatric Oncology,
Θέματα:
Διαθέσιμο Online:Full Text via HEAL-Link
LEADER 02809nam a22005415i 4500
001 978-0-387-89072-2
003 DE-He213
005 20151204170458.0
007 cr nn 008mamaa
008 100316s2010 xxu| s |||| 0|eng d
020 |a 9780387890722  |9 978-0-387-89072-2 
024 7 |a 10.1007/978-0-387-89072-2  |2 doi 
040 |d GrThAP 
050 4 |a RC254-282 
072 7 |a MJCL  |2 bicssc 
072 7 |a MED062000  |2 bisacsh 
082 0 4 |a 616.994  |2 23 
245 1 0 |a Retinoblastoma  |h [electronic resource] /  |c edited by Carlos Rodriguez-Galindo, Matthew W. Wilson. 
264 1 |a Boston, MA :  |b Springer US :  |b Imprint: Springer,  |c 2010. 
300 |a XII, 156 p.  |b online resource. 
336 |a text  |b txt  |2 rdacontent 
337 |a computer  |b c  |2 rdamedia 
338 |a online resource  |b cr  |2 rdacarrier 
347 |a text file  |b PDF  |2 rda 
490 1 |a Pediatric Oncology,  |x 1613-5318 
505 0 |a Biology of Retinoblastoma -- Epidemiology -- Clinical Features, Diagnosis, Pathology -- Genetics of Retinoblastoma and Genetic Counseling -- Radiation Therapy in the Management of Retinoblastoma -- Chemotherapy in the Management of Retinoblastoma -- Treatment of Intraocular Retinoblastoma -- Treatment of Extraocular and Metastatic Retinoblastoma -- Second Malignancies and Other Long Term Effects in Retinoblastoma Survivors -- Visual Rehabilitation -- Retinoblastoma in Developing Countries. 
520 |a Treatment of retinoblastoma has evolved at a significant speed over the last two decades; ocular salvage approaches are now at the core of modern treatments, and assessment of visual and functional outcomes has become a priority. New discoveries in retinoblastoma biology are leading the way to the development of targeted therapies that could revolutionize our current approaches to the treatment. In this book, experts address all the important aspects of research and therapy - from biology to epidemiology to treatment. Retinoblastoma will provide a single source for the diagnosis and care of children with this malignancy. 
650 0 |a Medicine. 
650 0 |a Radiology. 
650 0 |a Oncology. 
650 0 |a Ophthalmology. 
650 0 |a Pediatrics. 
650 0 |a Pediatric surgery. 
650 1 4 |a Medicine & Public Health. 
650 2 4 |a Oncology. 
650 2 4 |a Ophthalmology. 
650 2 4 |a Imaging / Radiology. 
650 2 4 |a Pediatrics. 
650 2 4 |a Pediatric Surgery. 
700 1 |a Rodriguez-Galindo, Carlos.  |e editor. 
700 1 |a Wilson, Matthew W.  |e editor. 
710 2 |a SpringerLink (Online service) 
773 0 |t Springer eBooks 
776 0 8 |i Printed edition:  |z 9780387890715 
830 0 |a Pediatric Oncology,  |x 1613-5318 
856 4 0 |u http://dx.doi.org/10.1007/978-0-387-89072-2  |z Full Text via HEAL-Link 
912 |a ZDB-2-SME 
950 |a Medicine (Springer-11650)